01019cam a2200217 a 4500008004100000020002200041100001800063245012500081260005000206300002900256500012300285504004100408500002000449611009500469650006500564650005000629711009500679003000100774005001700775040000900792  a1881294935 (pbk.)1 aRogers, Adam.14aThe Earth Summit :ba planetary reckoning /cAdam Rogers witha forewordby Noel Brown and an afterwood by DR.David Suzuki aLos Angeles, CA :bGlobal View Press,cc1993. a351 p. :bill. ;c23 cm. aReport on and analysis of the United Nations Conference on Environment and Development held in 1992 in Rio de Janeiro. aIncludes bibliographical references. aIncludes index.20aUnited Nations Conference on Environment and Developmentd(1992 :cRio de Janeiro, Brazil) 0aEnvironmental policyxInternational cooperationxCongresses. 0aEnvironmental law, InternationalxCongresses.2 aUnited Nations Conference on Environment and Developmentd(1992 :cRio de Janeiro, Brazil)20230120203929.0 cNUST